[Event "HUN-chT2 Barcza 1819"]
[Site "Hungary"]
[Date "2019.03.10"]
[Round "9.8"]
[White "Szakaly, Balazs"]
[Black "Szegedy, Matyas"]
[Result "1-0"]
[WhiteElo "2051"]
[BlackElo "1811"]
[PlyCount "73"]
[EventDate "2018.09.23"]
[EventType "team-tourn"]
[EventRounds "11"]
[EventCountry "HUN"]
[SourceTitle "EXT 2021"]
[Source "ChessBase"]
[SourceDate "2020.10.23"]
[SourceVersion "1"]
[SourceVersionDate "2020.10.23"]
[SourceQuality "1"]
[WhiteTeam "Debrecen Sakkbaratok"]
[BlackTeam "Debrecen Sakkiskola"]
[WhiteTeamCountry "HUN"]
[BlackTeamCountry "HUN"]

1. e4 c5 2. Nf3 e6 3. d4 cxd4 4. Nxd4 Nf6 5. Bd3 d6 6. Nc3 Be7 7. Qe2 a6 8. Be3 0-0 9. g4 Nc6 10. g5 Nd7 11. h4 Nde5 12. f4 Nxd3+ 13. Qxd3 Nxd4 14. Bxd4 f5 15. 0-0-0 Bd7 16. Rhe1 Rc8 17. h5 b5 18. h6 g6 19. Bg7 Rf7 20. exf5 Rxf5 21. Ne4 d5 22. Nf6+ Bxf6 23. Bxf6 Qc7 24. Be5 Qc4 25. Kb1 a5 26. Qd2 b4 27. Re3 a4 28. a3 d4 29. Rd3 b3 30. cxb3 axb3 31. Rc1 Qxc1+ 32. Qxc1 Rxc1+ 33. Kxc1 Rf8 34. Rxb3 Rc8+ 35. Kd2 Ba4 36. Rb4 Bd7 37. Rb7 1-0

[Event "HUN-chT2 Barcza 1718"]
[Site "Hungary"]
[Date "2017.09.24"]
[Round "1.7"]
[White "Szakaly, Balazs"]
[Black "Szabo, Istvan1111"]
[Result "1-0"]
[WhiteElo "2050"]
[BlackElo "1887"]
[PlyCount "145"]
[EventDate "2017.09.24"]
[EventType "team-tourn"]
[EventRounds "11"]
[EventCountry "HUN"]
[SourceTitle "EXT 2021"]
[Source "ChessBase"]
[SourceDate "2020.10.23"]
[SourceVersion "1"]
[SourceVersionDate "2020.10.23"]
[SourceQuality "1"]
[WhiteTeam "Bajnok Sakkiskola"]
[BlackTeam "Hajduszoboszlo"]
[WhiteTeamCountry "HUN"]
[BlackTeamCountry "HUN"]

1. e4 c5 2. Nf3 d6 3. d4 cxd4 4. Nxd4 Nf6 5. Nc3 a6 6. f3 e5 7. Nb3 Be6 8. Be3 Be7 9. Qd2 d5 10. exd5 Nxd5 11. Nxd5 Qxd5 12. Bd3 Nc6 13. Qe2 Nb4 14. Be4 Qc4 15. Qxc4 Bxc4 16. Bd2 Nc6 17. Na5 Nxa5 18. Bxa5 0-0 19. b3 Be6 20. Bxb7 Rab8 21. Be4 Bc5 22. Rd1 Bd4 23. c3 Rb5 24. Bb4 Rc8 25. cxd4 Rxb4 26. dxe5 a5 27. 0-0 a4 28. Bd5 Bxd5 29. Rxd5 axb3 30. axb3 Rxb3 31. Rfd1 Re8 32. Rd8 Kf8 33. Rxe8+ Kxe8 34. Rd2 g6 35. Kf2 h5 36. Kg3 Ke7 37. Kf4 Rb5 38. g3 Ra5 39. Ke4 Ke6 40. f4 Ra4+ 41. Rd4 Ra2 42. Rd6+ Ke7 43. h3 Rh2 44. h4 Re2+ 45. Kf3 Re1 46. Rf6 Ke8 47. Kf2 Re4 48. g4 hxg4 49. Kg3 Re1 50. Kxg4 Rg1+ 51. Kf3 Ke7 52. Kf2 Rh1 53. Kg3 Ke8 54. Kg4 Rg1+ 55. Kf3 Rh1 56. Kg3 Ke7 57. Ra6 Rg1+ 58. Kh3 Rf1 59. Ra7+ Ke6 60. Ra6+ Ke7 61. Rf6 Rh1+ 62. Kg3 Ke8 63. f5 Rf1 64. fxg6 Rxf6 65. exf6 fxg6 66. Kf4 Kf8 67. Ke4 Ke8 68. Kd5 Kd7 69. Ke5 Kd8 70. Ke6 Ke8 71. f7+ Kf8 72. Kf6 g5 73. h5 1-0

[Event "HUN-chT2 Barcza 1617"]
[Site "Hungary"]
[Date "2016.09.25"]
[Round "1.7"]
[White "Szakaly, Balazs"]
[Black "Kral, Peter"]
[Result "1-0"]
[WhiteElo "2007"]
[BlackElo "2110"]
[PlyCount "113"]
[EventDate "2016.09.25"]
[EventType "team-tourn"]
[EventRounds "11"]
[EventCountry "HUN"]
[SourceTitle "EXT 2021"]
[Source "ChessBase"]
[SourceDate "2020.10.23"]
[SourceVersion "1"]
[SourceVersionDate "2020.10.23"]
[SourceQuality "1"]
[WhiteTeam "Bajnok Sakkiskola"]
[BlackTeam "Nyiregyhaza SISE"]
[WhiteTeamCountry "HUN"]
[BlackTeamCountry "HUN"]

1. e4 c6 2. d4 d5 3. exd5 cxd5 4. c4 Nf6 5. Nc3 Nc6 6. Nf3 Bg4 7. cxd5 Nxd5 8. Qb3 Bxf3 9. gxf3 Nb6 10. Be3 e6 11. 0-0-0 Qc7 12. Kb1 Rd8 13. d5 Nxd5 14. Nxd5 exd5 15. Rxd5 Rxd5 16. Qxd5 Be7 17. Bb5 a6 18. Bxa6 0-0 19. Rc1 Rc8 20. Bb5 Bf6 21. f4 h6 22. Qe4 Qa5 23. Qa4 Qc7 24. a3 g6 25. Qe4 Kg7 26. Bxc6 bxc6 27. Bd4 Bxd4 28. Qxd4+ Kg8 29. Qf6 c5 30. Qe5 Qc6 31. f5 g5 32. h4 f6 33. Qe3 Qd5 34. Qe6+ Qxe6 35. fxe6 Kf8 36. hxg5 hxg5 37. b4 c4 38. Kc2 Ke7 39. Re1 f5 40. a4 g4 41. Kc3 Rc6 42. Re5 f4 43. Re4 Rxe6 44. Rxf4 Rg6 45. Kxc4 Kd6 46. b5 g3 47. fxg3 Rxg3 48. Kb4 Kc7 49. Rf7+ Kb8 50. Ka5 Ka8 51. b6 Rg5+ 52. Ka6 Rg8 53. a5 Rh8 54. Rf6 Rg8 55. b7+ Kb8 56. Kb6 Rg6 57. Rc6 1-0

[Event "HUN-chT2 Barcza 1516"]
[Site "Hungary"]
[Date "2015.10.04"]
[Round "2.7"]
[White "Szakaly, Balazs"]
[Black "Szuhai, Beata Barbara"]
[Result "1-0"]
[WhiteElo "2068"]
[BlackElo "1837"]
[PlyCount "55"]
[EventDate "2015.09.13"]
[EventType "team-tourn"]
[EventRounds "11"]
[EventCountry "HUN"]
[SourceTitle "CBM 170 Extra"]
[Source "ChessBase"]
[SourceDate "2016.02.25"]
[SourceVersion "1"]
[SourceVersionDate "2016.02.25"]
[SourceQuality "1"]
[WhiteTeam "Debrecen Sakkbaratok"]
[BlackTeam "Edeleny"]
[WhiteTeamCountry "HUN"]
[BlackTeamCountry "HUN"]

1. e4 e6 2. d4 d5 3. Nc3 Nf6 4. e5 Nfd7 5. f4 c5 6. Nf3 Nc6 7. Be3 cxd4 8. Nxd4 Nxd4 9. Bxd4 a6 10. Qd2 b5 11. Qf2 Bb7 12. Bd3 Rc8 13. 0-0 Bc5 14. Ne2 0-0 15. c3 Bxd4 16. cxd4 f6 17. Qh4 f5 18. Qh3 Nb8 19. g4 g6 20. gxf5 gxf5 21. Kf2 Rf7 22. Rg1+ Kh8 23. Rg5 Qe7 24. Rag1 Nd7 25. Qg3 Qf8 26. h4 h6 27. Rg6 Re8 28. Qf3 1-0

[Event "HUN-chT2 Maroczy 1314"]
[Site "Hungary"]
[Date "2014.04.27"]
[Round "11"]
[White "Szakaly, Balazs"]
[Black "Kevei, Peter"]
[Result "1/2-1/2"]
[WhiteElo "2052"]
[BlackElo "2230"]
[PlyCount "118"]
[EventDate "2013.09.08"]
[EventType "team-tourn"]
[EventRounds "11"]
[EventCountry "HUN"]
[SourceTitle "EXT 2016"]
[Source "ChessBase"]
[SourceDate "2015.10.08"]
[SourceVersion "1"]
[SourceVersionDate "2015.10.08"]
[SourceQuality "1"]
[WhiteTeam "Debrecen SBK"]
[BlackTeam "Szeged Maroczy"]
[WhiteTeamCountry "HUN"]
[BlackTeamCountry "HUN"]

1. e4 c5 2. Nf3 Nc6 3. d4 cxd4 4. Nxd4 Nf6 5. Nc3 e5 6. Ndb5 d6 7. Bg5 a6 8. Na3 b5 9. Nd5 Be7 10. Bxf6 Bxf6 11. c3 Ne7 12. Nxf6+ gxf6 13. Nc2 f5 14. exf5 Bxf5 15. Ne3 Be6 16. a4 b4 17. cxb4 0-0 18. b5 d5 19. Be2 d4 20. Nc2 Nd5 21. 0-0 Qg5 22. Ra3 Kh8 23. Rg3 Qh4 24. bxa6 f5 25. Rh3 Qf6 26. f4 Nxf4 27. Rxf4 exf4 28. Qxd4 Qxd4+ 29. Nxd4 Bd5 30. b4 Rg8 31. Bf3 Bxf3 32. Rxf3 Rxa6 33. Ra3 Rd6 34. Ne2 Rd2 35. Nxf4 Rd4 36. Nd3 Rgd8 37. Ne5 Rd1+ 38. Kf2 R8d2+ 39. Kf3 Rf1+ 40. Ke3 Rxg2 41. Kd4 Rd1+ 42. Kc5 f4 43. Kb6 Re2 44. Nc6 Re3 45. Ra2 f3 46. Rf2 Rdd3 47. a5 Re2 48. Rf1 f2 49. a6 Rf3 50. a7 Rf8 51. Nb8 Ra2 52. b5 Rf7 53. Nc6 Kg7 54. Kc5 Kh6 55. b6 Rf5+ 56. Kd6 Rf6+ 57. Kc7 Rf7+ 58. Kc8 Rf8+ 59. Kd7 Rf7+ 1/2-1/2

[Event "HUN-chT2 Maroczy 1314"]
[Site "Hungary"]
[Date "2014.03.23"]
[Round "9"]
[White "Szakaly, Balazs"]
[Black "Fekete, Albert"]
[Result "1/2-1/2"]
[WhiteElo "2048"]
[BlackElo "2265"]
[PlyCount "130"]
[EventDate "2013.09.08"]
[EventType "team-tourn"]
[EventRounds "11"]
[EventCountry "HUN"]
[SourceTitle "EXT 2016"]
[Source "ChessBase"]
[SourceDate "2015.10.08"]
[SourceVersion "1"]
[SourceVersionDate "2015.10.08"]
[SourceQuality "1"]
[WhiteTeam "Debrecen SBK"]
[BlackTeam "Kisujszallas"]
[WhiteTeamCountry "HUN"]
[BlackTeamCountry "HUN"]

1. e4 g6 2. d4 Bg7 3. f4 d6 4. Nf3 c5 5. dxc5 Qa5+ 6. Bd2 Qxc5 7. Nc3 Nf6 8. Bd3 0-0 9. Qe2 Nc6 10. h3 Nb4 11. Be3 Nxd3+ 12. cxd3 Qa5 13. 0-0 Bd7 14. d4 d5 15. e5 Ne4 16. Rfc1 Rac8 17. Bd2 Nxc3 18. Bxc3 Qb6 19. Qd2 Bh6 20. Kh2 Qe6 21. Ng5 Qa6 22. Bb4 Rfe8 23. Rxc8 Bxc8 24. Rc1 f6 25. Nf3 Qe6 26. g4 Bd7 27. Re1 Qf7 28. Kg3 f5 29. e6 Bxe6 30. Ne5 Qf8 31. g5 Bg7 32. Nxg6 Qf7 33. Ne5 Bxe5 34. Rxe5 Bd7 35. Qe2 e6 36. h4 Rc8 37. Bc3 Rc4 38. Re3 b5 39. a3 a6 40. Kf2 Rc6 41. Rg3 Be8 42. Qe5 Qc7 43. Qxc7 Rxc7 44. Re3 Rc6 45. Kg3 Bg6 46. Kf2 Kf7 47. Ke1 Bh5 48. Kf2 Ke8 49. Ke1 Kd7 50. Kd2 Bg4 51. Re1 Rc4 52. Kd3 Ke7 53. Bb4+ Kf7 54. Bc5 Bf3 55. Kd2 Be4 56. Rc1 Kg6 57. b3 Rxc1 58. Kxc1 Kh5 59. Kd2 Kxh4 60. Bd6 Kg3 61. b4 Kf3 62. Be5 Bb1 63. Kc1 Ba2 64. Kd2 Ke4 65. Kc3 Ke3 1/2-1/2

[Event "HUN-chT2 Maroczy 1314"]
[Site "Hungary"]
[Date "2013.08.22"]
[Round "2"]
[White "Kardon, Zoltan"]
[Black "Szakaly, Balazs"]
[Result "1/2-1/2"]
[WhiteElo "2178"]
[BlackElo "2033"]
[PlyCount "36"]
[EventDate "2013.09.08"]
[EventType "team-tourn"]
[EventRounds "11"]
[EventCountry "HUN"]
[SourceTitle "EXT 2016"]
[Source "ChessBase"]
[SourceDate "2015.10.08"]
[SourceVersion "1"]
[SourceVersionDate "2015.10.08"]
[SourceQuality "1"]
[WhiteTeam "Lila Futo"]
[BlackTeam "Debrecen SBK"]
[WhiteTeamCountry "HUN"]
[BlackTeamCountry "HUN"]

1. d4 d5 2. Nf3 e6 3. c4 c6 4. Qc2 f5 5. Bf4 Bd6 6. Bxd6 Qxd6 7. e3 Nf6 8. Bd3 Ne4 9. cxd5 exd5 10. Ne5 0-0 11. 0-0 Qh6 12. Nc3 Nd7 13. Nxd7 Bxd7 14. Rae1 Rae8 15. Ne2 Rf6 16. b4 Qg5 17. Nf4 Rh6 18. g3 Qf6 1/2-1/2

[Event "HUN-chT2 Maroczy 1213"]
[Site "Hungary"]
[Date "2013.03.24"]
[Round "9"]
[White "Gyurkovics, Miklos"]
[Black "Szakaly, Balazs"]
[Result "1/2-1/2"]
[WhiteElo "2186"]
[BlackElo "2054"]
[PlyCount "108"]
[EventDate "2012.09.16"]
[EventType "team-tourn"]
[EventRounds "11"]
[EventCountry "HUN"]
[SourceTitle "EXT 2014"]
[Source "ChessBase"]
[SourceDate "2013.11.20"]
[SourceVersion "1"]
[SourceVersionDate "2013.11.20"]
[SourceQuality "1"]
[WhiteTeam "Vasas"]
[BlackTeam "Debrecen"]
[WhiteTeamCountry "HUN"]
[BlackTeamCountry "HUN"]

1. Nf3 d5 2. b3 e6 3. Bb2 c6 4. g3 Nd7 5. c4 f5 6. Qc2 Ndf6 7. Bg2 Bd6 8. 0-0 Qe7 9. cxd5 cxd5 10. Rc1 Bd7 11. Ne5 Nh6 12. d4 0-0 13. Qd3 Rac8 14. Nxd7 Nxd7 15. Nc3 Ba3 16. Bxa3 Qxa3 17. Qe3 Qa6 18. Na4 Ng4 19. Qd3 Qxd3 20. exd3 b6 21. h3 Ngf6 22. f4 Kf7 23. Bf3 h5 24. Nc3 a6 25. Na4 g6 26. Kf2 Ke7 27. b4 Kd6 28. Bd1 Ng8 29. Ke3 Ne7 30. Nc3 Rc7 31. Ne2 Rfc8 32. Rxc7 Rxc7 33. Ng1 Nc6 34. Rb1 Nd8 35. Nf3 Nf7 36. Ne5 Ndxe5 37. dxe5+ Kd7 38. Ba4+ Ke7 39. Bd1 Nh6 40. Kd2 Kd7 41. Ba4+ Ke7 42. Rg1 Rc8 43. Bd1 Rf8 44. Be2 Kd7 45. d4 Ra8 46. Rc1 Ra7 47. a4 Nf7 48. g4 hxg4 49. hxg4 a5 50. gxf5 gxf5 51. Rh1 Ke7 52. Kc2 Rc7+ 53. Kb3 Rc8 54. Rg1 Rh8 1/2-1/2

[Event "HUN-chT2 Maroczy 1011"]
[Site "Hungary"]
[Date "2011.04.17"]
[Round "9"]
[White "Becskei, Zoltan"]
[Black "Szakaly, Balazs"]
[Result "1/2-1/2"]
[WhiteElo "2055"]
[BlackElo "2030"]
[PlyCount "66"]
[EventDate "2010.09.12"]
[EventType "team-tourn"]
[EventRounds "11"]
[EventCountry "HUN"]
[SourceTitle "EXT 2012"]
[Source "ChessBase"]
[SourceDate "2011.11.24"]
[SourceVersion "1"]
[SourceVersionDate "2011.11.24"]
[SourceQuality "1"]
[WhiteTeam "Fuzesabony"]
[BlackTeam "Debrecen SBE"]
[WhiteTeamCountry "HUN"]
[BlackTeamCountry "HUN"]

1. e4 c5 2. Nf3 d6 3. d4 cxd4 4. Nxd4 Nf6 5. Nc3 a6 6. Bc4 e6 7. Bb3 Be7 8. g4 Nc6 9. g5 Nxd4 10. Qxd4 Nh5 11. h4 Qc7 12. Be3 Bd7 13. 0-0-0 0-0 14. f4 b5 15. f5 a5 16. e5 d5 17. Bxd5 Rad8 18. Qg4 exd5 19. Nxd5 Qxe5 20. Qxh5 Ba3 21. Bd4 Qxd5 22. bxa3 Bxf5 23. Qe2 Rfe8 24. Qf2 Qxa2 25. Bb2 Bg6 26. h5 Be4 27. Rhe1 Qc4 28. Rxd8 Rxd8 29. h6 Rc8 30. Re2 b4 31. axb4 axb4 32. Qd4 Qxd4 33. Bxd4 Bg6 1/2-1/2

[Event "HUN-chT2 Barcza 1011"]
[Site "Hungary"]
[Date "2010.10.24"]
[Round "4.1"]
[White "Lengyel, Laszlo1111"]
[Black "Szakaly, Balazs"]
[Result "1-0"]
[WhiteElo "1959"]
[BlackElo "2047"]
[PlyCount "135"]
[EventDate "2010.09.12"]
[EventType "team-tourn"]
[EventRounds "11"]
[EventCountry "HUN"]
[SourceTitle "EXT 2012"]
[Source "ChessBase"]
[SourceDate "2011.11.24"]
[SourceVersion "1"]
[SourceVersionDate "2011.11.24"]
[SourceQuality "1"]
[WhiteTeam "Hajduszoboszlo"]
[BlackTeam "Debrecen Sakkbaratok"]
[WhiteTeamCountry "HUN"]
[BlackTeamCountry "HUN"]

1. d4 d5 2. c4 e6 3. Nc3 f5 4. g3 c6 5. cxd5 exd5 6. Bg2 Bd6 7. Nh3 Nf6 8. 0-0 0-0 9. Bf4 Qe7 10. Qc2 Ne4 11. Bxd6 Nxd6 12. Rac1 Nd7 13. Nf4 Nf6 14. Nd3 Nfe4 15. Ne5 Be6 16. e3 Rac8 17. f3 Nf6 18. Qa4 Nd7 19. Qa3 Rfe8 20. f4 a6 21. Na4 g6 22. Rfe1 Kg7 23. Nc5 Nxc5 24. Qxc5 Nf7 25. Nd3 Nd6 26. b3 Bf7 27. Ne5 Be6 28. a4 Nf7 29. Qxe7 Rxe7 30. Nd3 Nd6 31. Nc5 Bf7 32. Kf2 Kf6 33. Bf3 Be6 34. Nd3 Rce8 35. Ne5 Bd7 36. h3 Nf7 37. Nd3 Nd6 38. g4 Bc8 39. Ne5 Bd7 40. g5+ Kg7 41. h4 Nf7 42. Nd3 Nd6 43. Re2 Rd8 44. Rh1 Be8 45. a5 Bf7 46. Ne5 Ree8 47. Ke1 Re7 48. Kd2 Be8 49. Reh2 Nf7 50. Nd3 Nd6 51. Rc1 Re6 52. Ne5 Nf7 53. Kd3 Nd6 54. Rch1 Nf7 55. Kc3 Rc8 56. Kd3 Nd6 57. h5 Nf7 58. hxg6 Nxe5+ 59. dxe5 Bxg6 60. b4 Rc7 61. Bh5 Kg8 62. Kd4 Rd7 63. Bxg6 Rxg6 64. Rh6 Re7 65. Kc5 Reg7 66. e6 Kf8 67. Rxg6 hxg6 68. Kd6 1-0

[Event "HUN-chT2 Barcza 1011"]
[Site "Hungary"]
[Date "2010.09.12"]
[Round "1.2"]
[White "Szakaly, Balazs"]
[Black "Herczeg, Tibor"]
[Result "0-1"]
[WhiteElo "2047"]
[BlackElo "2150"]
[PlyCount "70"]
[EventDate "2010.09.12"]
[EventType "team-tourn"]
[EventRounds "11"]
[EventCountry "HUN"]
[SourceTitle "EXT 2012"]
[Source "ChessBase"]
[SourceDate "2011.11.24"]
[SourceVersion "1"]
[SourceVersionDate "2011.11.24"]
[SourceQuality "1"]
[WhiteTeam "Debrecen Sakkbaratok"]
[BlackTeam "Sajoszentpeter"]
[WhiteTeamCountry "HUN"]
[BlackTeamCountry "HUN"]

1. e4 c5 2. Nf3 Nc6 3. d4 cxd4 4. Nxd4 Nf6 5. Nc3 e6 6. Bg5 Bb4 7. Nxc6 bxc6 8. Qf3 Be7 9. e5 Nd5 10. Ne4 0-0 11. Bxe7 Qxe7 12. a3 f6 13. exf6 Nxf6 14. Nxf6+ Rxf6 15. Qe3 d5 16. 0-0-0 e5 17. Re1 e4 18. f3 Re6 19. f4 Qd6 20. f5 Re7 21. g4 Rb8 22. Rd1 Reb7 23. b4 Qe5 24. c3 a5 25. Ba6 Rd7 26. Bxc8 Rxc8 27. Kc2 axb4 28. axb4 Ra8 29. Ra1 Rxa1 30. Rxa1 Qxh2+ 31. Kb3 Qb8 32. Qg5 d4 33. cxd4 Rxd4 34. Qe7 Rd3+ 35. Kc2 Qh2+ 0-1

[Event "Debrecen Karneval Cup"]
[Site "Debrecen"]
[Date "2008.08.18"]
[Round "2"]
[White "Ats, Laszlo Gyorgy"]
[Black "Szakaly, Balazs"]
[Result "1/2-1/2"]
[WhiteElo "2148"]
[BlackElo "2081"]
[PlyCount "60"]
[EventDate "2008.08.18"]
[EventType "swiss"]
[EventRounds "7"]
[EventCountry "HUN"]
[SourceTitle "CBM 126 Extra"]
[Source "ChessBase"]
[SourceDate "2008.11.05"]
[SourceVersion "1"]
[SourceVersionDate "2008.11.05"]
[SourceQuality "1"]

1. d4 d5 2. h4 c6 3. Bf4 e6 4. e3 Bd6 5. g4 Qc7 6. Bxd6 Qxd6 7. Nd2 Nd7 8. f4 Ne7 9. Bd3 c5 10. c3 a6 11. Ngf3 b6 12. h5 Bb7 13. Ne5 f6 14. Nxd7 Kxd7 15. Nf3 Nc6 16. Qa4 Kc7 17. Qc2 h6 18. 0-0-0 c4 19. Bg6 b5 20. g5 f5 21. Ne5 Nxe5 22. fxe5 Qe7 23. gxh6 Rxh6 24. Rdg1 Rf8 25. Qd2 Bc6 26. Rg3 a5 27. Rhg1 Rhh8 28. Kb1 Kc8 29. Qf2 Qh4 30. Qf4 Qxf4 1/2-1/2

[Event "Debrecen Karneval Cup"]
[Site "Debrecen"]
[Date "2008.08.18"]
[Round "1"]
[White "Szakaly, Balazs"]
[Black "Karikas, Marianna"]
[Result "1/2-1/2"]
[WhiteElo "2081"]
[BlackElo "1616"]
[PlyCount "73"]
[EventDate "2008.08.18"]
[EventType "swiss"]
[EventRounds "7"]
[EventCountry "HUN"]
[SourceTitle "CBM 126 Extra"]
[Source "ChessBase"]
[SourceDate "2008.11.05"]
[SourceVersion "1"]
[SourceVersionDate "2008.11.05"]
[SourceQuality "1"]

1. e4 c5 2. Nf3 Nf6 3. Nc3 Nc6 4. Bc4 d6 5. h3 g6 6. d4 cxd4 7. Nxd4 Bg7 8. Be3 a6 9. a4 0-0 10. Qd2 Qc7 11. Bb3 Rb8 12. 0-0 b6 13. f4 Bb7 14. Bd5 Nxd4 15. Bxb7 Qxb7 16. Bxd4 Nxe4 17. Nxe4 Qxe4 18. Bxg7 Kxg7 19. Rae1 Qb7 20. f5 Rfe8 21. f6+ exf6 22. Qd4 Rxe1 23. Qxf6+ Kg8 24. Rxe1 Qc6 25. c3 b5 26. Rd1 Qb6+ 27. Kh1 Re8 28. Qxd6 Re1+ 29. Kh2 Qg1+ 30. Kg3 Rxd1 31. Qb8+ Kg7 32. Qe5+ Kf8 33. Qb8+ Ke7 34. Qc7+ Rd7 35. Qe5+ Kd8 36. Qb8+ Ke7 37. Qe5+ 1/2-1/2

[Event "HUN-chT2 Erkel 0203"]
[Site "Hungary"]
[Date "2003.04.13"]
[Round "11"]
[White "Kiss, Kincso"]
[Black "Szakaly, Balazs"]
[Result "0-1"]
[WhiteElo "1639"]
[BlackElo "1862"]
[PlyCount "84"]
[EventDate "2002.09.22"]
[EventType "team"]
[EventRounds "11"]
[EventCountry "HUN"]
[SourceTitle "EXT 2009"]
[Source "ChessBase"]
[SourceDate "2008.11.26"]
[SourceVersion "1"]
[SourceVersionDate "2008.11.26"]
[SourceQuality "1"]

1. d4 Nf6 2. c4 g6 3. Nc3 d5 4. cxd5 Nxd5 5. e4 Nxc3 6. bxc3 Bg7 7. Nf3 c5 8. Be3 Qa5 9. Qd2 Nc6 10. Rc1 cxd4 11. Nxd4 Nxd4 12. Bxd4 0-0 13. Bc4 Rd8 14. Rd1 Be6 15. Bxe6 fxe6 16. 0-0 e5 17. Qg5 Bf6 18. Qe3 exd4 19. cxd4 Qxa2 20. e5 Bg7 21. f4 e6 22. g4 Rf8 23. Qe4 Qd5 24. Qxd5 exd5 25. f5 gxf5 26. gxf5 Rae8 27. e6 Bf6 28. Rf4 Re7 29. Kf2 Rc8 30. Rg1+ Rg7 31. Rxg7+ Kxg7 32. Rg4+ Kf8 33. Kf3 Rc3+ 34. Kf4 Rd3 35. Rg3 Rxg3 36. hxg3 a5 37. g4 h6 38. Ke3 b5 39. Kd3 b4 40. Kc2 a4 41. Kd3 Ke7 42. Kc2 Bxd4 0-1

[Event "HUN-chT2 Erkel 0203"]
[Site "Hungary"]
[Date "2003.03.23"]
[Round "9"]
[White "Szakaly, Balazs"]
[Black "Kovacs, David"]
[Result "1/2-1/2"]
[WhiteElo "1862"]
[BlackElo "1848"]
[PlyCount "53"]
[EventDate "2002.09.22"]
[EventType "team"]
[EventRounds "11"]
[EventCountry "HUN"]
[SourceTitle "EXT 2009"]
[Source "ChessBase"]
[SourceDate "2008.11.26"]
[SourceVersion "1"]
[SourceVersionDate "2008.11.26"]
[SourceQuality "1"]

1. e4 c6 2. d4 d5 3. exd5 cxd5 4. c4 Nf6 5. Nc3 e6 6. Nf3 Bb4 7. Qb3 Nc6 8. Bd2 0-0 9. Bd3 dxc4 10. Bxc4 Qd6 11. a3 Ba5 12. Be3 a6 13. Qc2 e5 14. 0-0-0 exd4 15. Nxd4 Bxc3 16. Qxc3 Ne4 17. Qc2 Qg6 18. Nxc6 Qxc6 19. f3 Nf6 20. Kb1 Be6 21. Rc1 Rac8 22. Bxe6 Qxe6 23. Qd2 Rfd8 24. Rxc8 Qxc8 25. Rc1 Qf5+ 26. Qc2 Qxc2+ 27. Rxc2 1/2-1/2